System of a Down Main Discography - Statistics

General Stats
  • This quiz has been taken 55 times
  • The average score is 54 of 67
Answer Stats
Hint Answer % Correct
Ddevil a) System of a Down
91%
Spiders a) System of a Down
91%
Suite-Pee a) System of a Down
91%
War? a) System of a Down
91%
Forest b) Toxicity
91%
Toxicity b) Toxicity
91%
Innervision c) Steal This Album!
91%
Violent P*********y d) Mesmerize
91%
Peephole a) System of a Down
88%
Sugar a) System of a Down
88%
Soil a) System of a Down
88%
Know a) System of a Down
88%
Darts a) System of a Down
88%
CUBErt a) System of a Down
88%
Mind a) System of a Down
88%
Aerials b) Toxicity
88%
Jet Pilot b) Toxicity
88%
ATWA b) Toxicity
88%
X b) Toxicity
88%
Mr. Jack c) Steal This Album!
88%
I-E-A-I-A-I-O c) Steal This Album!
88%
P.L.U.C.K. a) System of a Down
85%
Prison Song b) Toxicity
85%
Chic'n'Stu c) Steal This Album!
85%
Soldier Side - Intro d) Mesmerize
85%
Sad Statue d) Mesmerize
85%
Hypnotize e) Hypnotize
85%
Suggestions a) System of a Down
82%
Psycho b) Toxicity
82%
Bounce b) Toxicity
82%
Chop Suey! b) Toxicity
82%
Science b) Toxicity
82%
Deer Dance b) Toxicity
82%
Shimmy b) Toxicity
82%
A.D.D. c) Steal This Album!
82%
Streamline c) Steal This Album!
82%
Roulette c) Steal This Album!
82%
B.Y.O.B d) Mesmerize
82%
Dreaming e) Hypnotize
82%
Boom! c) Steal This Album!
79%
Nüguns c) Steal This Album!
79%
Old School Hollywood d) Mesmerize
79%
Radio/Video d) Mesmerize
79%
Kill Rock 'n Roll e) Hypnotize
79%
Bubbles c) Steal This Album!
76%
F*** the System c) Steal This Album!
76%
Highway Song c) Steal This Album!
76%
Lost in Hollywood d) Mesmerize
76%
Cigaro d) Mesmerize
76%
Lonely Day e) Hypnotize
76%
Holy Mountains e) Hypnotize
76%
Soldier Side e) Hypnotize
76%
Arto b) Toxicity
74%
36 c) Steal This Album!
74%
Ego Brain c) Steal This Album!
74%
Pictures c) Steal This Album!
74%
Revenga d) Mesmerize
74%
Attack e) Hypnotize
74%
Vicinity of Obscenity e) Hypnotize
74%
Needles b) Toxicity
71%
Question! d) Mesmerize
71%
This Cocaine Makes Me Feel Like I'm on This Song d) Mesmerize
71%
She's Like Heroin e) Hypnotize
71%
Thetawaves c) Steal This Album!
68%
Stealing Society e) Hypnotize
68%
Tentative e) Hypnotize
68%
U-Fig e) Hypnotize
62%
No matching quizzes found
Score Distribution
Percent of People with Each Score
Percentile by Number Answered
Your Score History
You have not taken this quiz